Top 50 US Universities on a Map - Statistics

General Stats
  • This quiz has been taken 198 times
  • The average score is 31 of 50
Answers on the Map
Answers color-coded by a green-red scale on the quiz's map according to % correct below.
 
Answer Stats
Hint Answer % Correct
3 Harvard University
89%
15 (tie) University of California, Los Angeles
88%
5 Yale University
87%
1 Princeton University
81%
4 Stanford University
80%
13 (tie) Brown University
78%
2 Massachusetts Institute of Technology
78%
17 University of California, Berkeley
78%
6 (tie) Duke University
77%
13 (tie) Columbia University
76%
11 (tie) Cornell University
75%
27 (tie) University of Southern California
74%
6 (tie) Northwestern University
73%
10 University of Pennsylvania
72%
33 (tie) Georgia Institute of Technology
71%
11 (tie) University of Chicago
71%
21 (tie) University of Michigan–Ann Arbor
71%
18 (tie) Vanderbilt University
71%
18 (tie) Rice University
70%
15 (tie) Dartmouth College
69%
30 (tie) New York University
68%
30 (tie) University of Florida
68%
29 University of California, San Diego
65%
6 (tie) California Institute of Technology
64%
41 (tie) Ohio State University
64%
18 (tie) University of Notre Dame
64%
37 (tie) Boston College
63%
46 (tie) Purdue University–Main Campus
58%
39 (tie) University of California, Santa Barbara
58%
6 (tie) Johns Hopkins University
57%
24 (tie) University of Virginia
57%
46 (tie) University of Washington
56%
41 (tie) Boston University
54%
24 (tie) Georgetown University
54%
21 (tie) Carnegie Mellon University
53%
33 (tie) University of California, Davis
53%
33 (tie) University of California, Irvine
53%
30 (tie) University of Texas–Austin
50%
39 (tie) University of Wisconsin–Madison
49%
24 (tie) Emory University
48%
46 (tie) University of Georgia
48%
27 (tie) University of North Carolina–Chapel Hill
47%
21 (tie) Washington University in St. Louis
47%
41 (tie) Rutgers University–New Brunswick
46%
44 (tie) University of Maryland, College Park
41%
44 (tie) University of Rochester
40%
46 (tie) Wake Forest University
40%
37 (tie) Tufts University
37%
33 (tie) University of Illinois Urbana-Champaign
37%
46 (tie) Lehigh University
19%
No matching quizzes found
Score Distribution
Percent of People with Each Score
Percentile by Number Answered
Your Score History
You have not taken this quiz